Království lží. Třetí díl, Koruna tak chladná a těžká /

Pokračování temné paranormální romantasy série ze světa zákeřných víl – Království lží.

Uloženo v:
Série:Království lží, část 3
Hlavní autor: Stark, Stacia (Autor)
Další autoři: Elisová, Kateřina (Autor)
Médium: Kniha
Jazyk:Czech
Vydáno: Praha : Dobrovský s.r.o., 2026
Edice:Red
Témata:
Celkem bylo vypůjčeno:0x
Příbuzné jednotky:Z cyklu:: Království lží
Tagy:
Žádné tagy
LEADER 02212nam a2200481 i 4500
001 106293
003 CZ PrNK
005 20260511113134.0
007 ta
008 260504s2026 xr g 000 f cze
015 |a cnb003756277 
020 |a 9788027741434  |q (brožováno) :  |c Kč 499,00 
040 |a ABG001  |b cze  |e rda 
041 1 |a cze  |h eng 
072 7 |a 821.111-3  |x Anglická próza, anglicky psaná  |2 Konspekt  |9 25 
080 |a 821.111(931)-31  |2 MRF 
080 |a (0:82-312.9)  |2 MRF 
100 1 |a Stark, Stacia  |7 xx0329348  |4 aut  |9 116186 
240 1 0 |a Crown this cold & heavy.  |l Česky 
245 1 0 |a Království lží.  |n Třetí díl,  |p Koruna tak chladná a těžká /  |c Stacia Stark ; přeložila Kateřina Elisová 
246 3 0 |a Koruna tak chladná a těžká 
264 1 |a Praha :  |b Dobrovský s.r.o.,  |c 2026 
300 |a 428 stran ;  |c 23 cm 
336 |a text  |b txt  |2 rdacontent 
337 |a bez média  |b n  |2 rdamedia 
338 |a svazek  |b nc  |2 rdacarrier 
490 1 |a Red 
500 |a Přeloženo z angličtiny 
500 |a Na hřbetu knihy uvedeno číslo 3 
520 2 |a Pokračování temné paranormální romantasy série ze světa zákeřných víl – Království lží.  |b Prisca je v zajetí Regnera, který se ji snaží mučením zlomit a zjistit její plány. Lorian se k ní pokouší probojovat a bude se muset vypořádat se zradou a machinacemi jejich nepřátel. Prisca už ví, že jedinou šancí, jak mít nad Regnerem navrch, je přijmout svou úlohu, osud i moc – a stát se nemilosrdnou vládkyní schopnou ochránit svůj lid. Nakladatelská anotace. 
653 0 |a romantasy 
655 7 |a novozélandské romány  |7 fd132920  |2 czenas  |9 53733 
655 7 |a fantasy romány  |7 fd184199  |2 czenas  |9 54250 
655 9 |a New Zealand fiction  |2 eczenas 
655 9 |a fantasy novels  |2 eczenas 
700 1 |a Elisová, Kateřina  |7 hka2015865348  |4 trl  |9 27087 
710 2 |a Dobrovský (firma)  |7 olak2017946581  |4 pbl  |9 117120 
787 0 8 |i Z cyklu:  |t Království lží  |g 3 
830 0 |a Red 
910 |a UOG502 
942 |2 ddc  |c KN 
999 |d 106293 
993 |0 0  |1 421180107018  |2 ddc  |4 0  |7 0  |9 99661  |b 0  |c 107018  |d 2026-05-11  |e 0  |f DOSP  |h 499.00  |i Koupě  |l DOSP  |r 2026-05-13  |t 6  |w 2026-05-11  |y KN  |z BELET  |n